000 00293nam a22001337a 4500
008 181023b xxu||||| |||| 00| 0 eng d
020 _a9780880297639
041 _aeng
080 _a941
100 _a16
101 _aHIS
245 _aHistory Fact Fable
_cWillis.TH
942 _2udc
_cBK
999 _c50674
_d50674